| 000 | 00800nam a2200301Ia 4500 | ||
|---|---|---|---|
| 001 | Para_1758 | ||
| 003 | CHAP | ||
| 008 | 220125s9999 xx 000 0 und d | ||
| 010 | _a200390 | ||
| 040 | _cCHAP | ||
| 090 | _aD-5 | ||
| 110 |
_aBayer de México _910996 |
||
| 245 |
_aUn mundo en las raíces / _c por Bayer de México |
||
| 260 |
_aMéxico, D.F. : _b Bayer de México |
||
| 300 | _a99 | ||
| 505 | _aCONTIENE: Guía y Cassette | ||
| 630 |
_aMATERIAL AUDIOVISUAL _9165241 |
||
| 650 |
_aRaíces _x enfermedades _994673 |
||
| 650 |
_aRaíces _x plagas _994676 |
||
| 650 |
_aSuelos _x fauna _9110365 |
||
| 901 | _aD-5 | ||
| 902 | _aA | ||
| 905 | _a002004 S 0400000000 00 | ||
| 910 | _a | ||
| 942 | _cPARA | ||
| 942 |
_cPARA _d1 |
||
| 999 |
_c200390 _d200390 |
||